[Event "BCF-chT2 0708 (4NCL)"]
[Site "Sunningdale"]
[Date "2008.05.05"]
[Round "11.8"]
[White "Garrett, Theresa"]
[Black "Wilson, Julie Christine"]
[Result "1/2-1/2"]
[WhiteElo "1820"]
[BlackElo "1935"]
[PlyCount "67"]
[EventDate "2007.09.15"]
[EventType "team-tourn"]
[EventRounds "11"]
[EventCountry "ENG"]
[SourceTitle "EXT 2023"]
[Source "ChessBase"]
[SourceDate "2022.10.05"]
[SourceVersion "1"]
[SourceVersionDate "2022.10.05"]
[SourceQuality "1"]
[WhiteTeam "Bristol"]
[BlackTeam "SW Dragons"]
[WhiteTeamCountry "ENG"]
[BlackTeamCountry "ENG"]

1. d4 Nf6 2. c4 e6 3. Bg5 c5 4. d5 d6 5. Nc3 Be7 6. Nf3 0-0 7. e4 Nbd7 8. Be2 a6 9. Qd2 Re8 10. 0-0 h6 11. Bh4 exd5 12. exd5 Nb6 13. Rfe1 Bg4 14. b3 Qc7 15. Qf4 Bxf3 16. Bxf3 Nbd7 17. Ne4 Nxe4 18. Bxe7 Rxe7 19. Rxe4 Nf6 20. Re2 Rxe2 21. Bxe2 Re8 22. Bd3 Re5 23. h3 Qe7 24. Qd2 Nh5 25. f4 Re3 26. Rf1 Ng3 27. Rf2 Qe8 28. Kh2 Nh5 29. Re2 Rxe2 30. Bxe2 Nf6 31. Bf3 Qe7 32. b4 Nd7 33. bxc5 Nxc5 34. Qe2 1/2-1/2